Способ получения диоксида кремния

Podrobná bibliografie
Hlavní autor: Дьяченко А. Н. Александр Николаевич
Korporativní autor: Томский политехнический университет (ТПУ)
Další autoři: Крайденко Р. И. Роман Иванович
Shrnutí:опубл. 10.06.09
Изобретение может быть использовано в химической промышленности. Проводят механическое смешение исходного кремнийсодержащего сырья и фторида - гидродифторида аммония при комнатной температуре до прекращения выделения аммиака и воды. Полученную шихту нагревают до температуры 320-340°С до полного отделения газообразного гексафторсиликата аммония. Гидролиз газообразного гексафторсиликата аммония проводят орошением аммиачной водой. Предложенное изобретение позволяет получить диоксид кремния сорта "белая сажа".
Jazyk:ruština
Vydáno:
Témata:
On-line přístup:http://www1.fips.ru/Archive/PAT/2009FULL/2009.06.10/DOC/RUNWC1/000/000/002/357/925/document.pdf
Médium: Elektronický zdroj Kniha
KOHA link:https://koha.lib.tpu.ru/cgi-bin/koha/opac-detail.pl?biblionumber=643526

MARC

LEADER 00000nlm0a2200000 4500
001 643526
005 20231101134253.0
029 1 0 |a RU  |b 2357925  |c Пат.  |d МПК C 01 B 33/12 
035 |a (RuTPU)RU\TPU\network\8521 
035 |a RU\TPU\network\8519 
039 0 |a RU  |b 2007145565/15  |c 20071207 
090 |a 643526 
100 |a 20150914j20090610k y0rusy50 ca 
101 0 |a rus 
102 |a RU 
105 |a a k 000zy 
135 |a drcn ---uucaa 
181 0 |a i  
182 0 |a b 
200 1 |a Способ получения диоксида кремния  |f А. Н. Дьяченко, Р. И. Крайденко  |g Томский политехнический университет (ТПУ) 
203 |a Текст  |c электронный 
300 |a опубл. 10.06.09 
330 |a Изобретение может быть использовано в химической промышленности. Проводят механическое смешение исходного кремнийсодержащего сырья и фторида - гидродифторида аммония при комнатной температуре до прекращения выделения аммиака и воды. Полученную шихту нагревают до температуры 320-340°С до полного отделения газообразного гексафторсиликата аммония. Гидролиз газообразного гексафторсиликата аммония проводят орошением аммиачной водой. Предложенное изобретение позволяет получить диоксид кремния сорта "белая сажа". 
610 1 |a патенты 
610 1 |a труды учёных ТПУ 
610 1 |a электронный ресурс 
610 1 |a изобретения 
700 1 |a Дьяченко  |b А. Н.  |c химик-технолог  |c профессор Томского политехнического университета, доктор технических наук  |f 1977-  |g Александр Николаевич  |2 stltpush  |3 (RuTPU)RU\TPU\pers\27691 
701 1 |a Крайденко  |b Р. И.  |c химик-технолог  |c доцент Томского политехнического университета, старший научный сотрудник, кандидат химических наук  |f 1983-  |g Роман Иванович  |2 stltpush  |3 (RuTPU)RU\TPU\pers\26383 
712 0 2 |a Томский политехнический университет (ТПУ)  |c (1991-2009)  |2 stltpush  |3 (RuTPU)RU\TPU\col\376 
801 1 |a RU  |b 63413507  |c 20120201 
801 2 |a RU  |b 63413507  |c 20160606  |g RCR 
856 4 |u http://www1.fips.ru/Archive/PAT/2009FULL/2009.06.10/DOC/RUNWC1/000/000/002/357/925/document.pdf 
942 |c CF